000
00231nam a22000857a 4500
008
160920b xxu||||| |||| 00| 0 eng d
100
_9
662
_a
Gupta.B.C.
245
_a
Micro & Macro Economics-XII
260
_a
New Delhi
_b
AP Publications
_c
2012
999
_c
3319
_d
3319